Normal view MARC view
  • Monos

Entry Materia

Number of records used in: 6

001 - NÚMERO DE CONTROL DEL REGISTRO

  • campo de control: 23578

003 - IDENTIFICADOR DE NUMERO DE CONTROL

  • campo de control: MX-MxUPN

005 - FECHA Y HORA DE LA ÚLTIMA TRANSACCIÓN

  • campo de control: 20240314151648.0

008 - DATOS DE LONGITUD FIJA

  • campo de control de longitud fija: 240314 n fnnnnbabb b ana |d

035 ## - NÚMERO DE CONTROL DEL SISTEMA

  • Número de control del sistema: UPN10000023587

040 ## - FUENTE DE LA CATALOGACIÓN

  • Lengua de catalogación: spa
  • Centro catalogador de origen: MX-MxUPN

150 ## - ENCABEZAMIENTO - TEMÁTICO

  • Término de materia o nombre geográfico como elemento inicial: Monos
  • Subdivisión de forma: Literatura infantil

670 ## - FUENTE EN LA QUE SE LOCALIZARON DATOS

  • Cita de la fuente: Autoridades BGTQ, 14 marzo 2024 :

670 ## - FUENTE EN LA QUE SE LOCALIZARON DATOS

  • Cita de la fuente: (Monos -- Literatura infantil)

902 ## - CATALOGADOR

  • Catalogador: MITM/030215
  • Catalogador: VíctorGodínez/140324